International routes from Sapporo Chitose International Airport (CTS) - Statistics

General Stats
  • This quiz has been taken 26 times
    6 since last reset
  • The average score is 43 of 46
Answer Stats
Airline International Route Country % Correct
Thai Air Asia X Bangkok-Don Mueang Thailand
100%
Thai Lion Air Bangkok-Don Mueang Thailand
100%
Thai Airways International Bangkok-Suvarnabhumi Thailand
100%
Thai Viet Jet Air Bangkok-Suvarnabhumi Thailand
100%
Air China Beijing-Capital China
100%
Beijing Capital Airlines Beijing-Daxing China
100%
Air Busan Busan South Korea
100%
Eastar Jet Busan South Korea
100%
Jeju Air Busan South Korea
100%
Jin Air Busan South Korea
100%
T'way Air Busan South Korea
100%
T'way Air Daegu South Korea
100%
Air Asia X Kuala Lumpur-International Malaysia
100%
Cebu Pacific Manila Phillippines
100%
Phillippine Airlines Manila Phillippines
100%
Air Busan Seoul-Incheon South Korea
100%
Air Seoul Seoul-Incheon South Korea
100%
Asiana Airlines Seoul-Incheon South Korea
100%
Eastar Jet Seoul-Incheon South Korea
100%
Jeju Air Seoul-Incheon South Korea
100%
Jin Air Seoul-Incheon South Korea
100%
Korean Air Seoul-Incheon South Korea
100%
T'way Air Seoul-Incheon South Korea
100%
China Eastern Airlines Shanghai-Pudong China
100%
Juneyao Air Shanghai-Pudong China
100%
Spring Airlines Shanghai-Pudong China
100%
Scoot Singapore Singapore
100%
Singapore Airlines Singapore Singapore
100%
Qantas Sydney Australia
100%
China Airlines Taipei-Taoyuan Taiwan
100%
EVA Air Taipei-Taoyuan Taiwan
100%
Scoot Taipei-Taoyuan Taiwan
100%
Starlux Airlines Taipei-Taoyuan Taiwan
100%
Thai AirAsia Taipei-Taoyuan Taiwan
100%
Thai Viet Jet Air Taipei-Taoyuan Taiwan
100%
Tigerair Taiwan Taipei-Taoyuan Taiwan
100%
Cathay Pacific Hong Kong China
75%
Greater Bay Airlines Hong Kong China
75%
Hong Kong Airlines Hong Kong China
75%
Thai Lion Air Kaohsiung Taiwan
75%
Tigerair Taiwan Kaohsiung Taiwan
75%
Shenzhen Airlines Shenzhen China
75%
Air Canada Vancouver Canada
75%
Hainan Airlines Xi'an China
75%
Aero K Cheongju South Korea
50%
Thai AirAsia Chiang Mai Thailand
50%
No matching quizzes found
Score Distribution
Percent of People with Each Score
Percentile by Number Answered
Your Score History
You have not taken this quiz since the last reset